Đời bọ hung /
Đã lưu trong:
| 主要作者: | |
|---|---|
| 格式: | Sách giấy |
| 語言: | Vietnamese |
| 出版: |
Tp. Hồ Chí Minh :
Văn hóa - Văn nghệ,
2016.
|
| 主題: | |
| 標簽: |
添加標簽
沒有標簽, 成為第一個標記此記錄!
|
| Thư viện lưu trữ: | Thư viện Trường Đại học Đà Lạt |
|---|
| LEADER | 00790nam a2200313 4500 | ||
|---|---|---|---|
| 001 | DLU190191561 | ||
| 005 | ##20190716 | ||
| 020 | # | # | |a 9786046827023 |
| 040 | # | # | |a DLU |b vie |
| 041 | # | # | |a vie |
| 044 | # | # | |a vn |
| 082 | # | # | |a 895.922 3 |b TR-D |
| 100 | # | # | |a Trần Bảo Định. |
| 245 | # | # | |a Đời bọ hung / |c Trần Bảo Định. |
| 260 | # | # | |a Tp. Hồ Chí Minh : |b Văn hóa - Văn nghệ, |c 2016. |
| 300 | # | # | |a 206 tr. ; |c 20 cm. |
| 650 | # | # | |a Truyện ngắn Việt Nam |y Thế kỷ 21. |
| 650 | # | # | |a Văn học Việt Nam |y Thế kỷ 21. |
| 923 | # | # | |a 02/2019 |
| 991 | # | # | |a SH |
| 992 | # | # | |a 54000 |
| 994 | # | # | |a DLU |
| 900 | # | # | |a True |
| 911 | # | # | |a Nguyễn Thanh Hương |
| 925 | # | # | |a G |
| 926 | # | # | |a A |
| 927 | # | # | |a SH |
| 980 | # | # | |a Thư viện Trường Đại học Đà Lạt |


